000 00580nam a2200193Ia 4500
005 20250507130251.0
008 008 250505s9999 xx 000 0 eng d
037 _aSeries Article
040 _aEASL
_beng
_cEASL
041 _aeng
_2eng
084 _qEASL
100 _aDeeg Max
_9670359
245 0 _aShow me the land where the buddha dwelled Xuanzang's record of the western region (Xiyu) Amisunderstood Text?
260 _aIndia
_bNew delhi Sage Publications
_c2012
300 _a89-114
650 _aChina
942 _cSRA
999 _c1318668
_d1318668